Statistics for Current Socialist States

Click here to take the quiz!

General Stats

  • This quiz has been taken 240 times
  • The average score is 6 of 11

Answer Stats

Hint Answer % Correct
SocialistNorth Korea (LOL Socialist? XD)
95%
CommunistChina
94%
CommunistVietnam
90%
CommunistCuba
90%
CommunistLaos
86%
SocialistIndia
35%
SocialistBangladesh
25%
SocialistPortugal
24%
SocialistSri Lanka
20%
SocialistTanzania
13%
SocialistGuyana
12%

Score Distribution

Percentile by Number Answered

Percent of People with Each Score

Your Score History

You have not taken this quiz